Záblesk nádeje pre mladých

Nemecké ministerstvo práce a sociálnych vecí v spolupráci so Spolkovou agentúrou práce v rámci programu "The job of my life", sprostredkováva mladým ľuďom z celej EÚ stáže, učiteľské miesta alebo trvalé zamestnanie v Nemecku.

Enregistré dans:
Détails bibliographiques
Auteur principal: Rogalska, Karin
Format: Chapitre de livre
Langue:slovaque
Sujets:
Tags: Ajouter un tag
Pas de tags, Soyez le premier à ajouter un tag!

MARC

LEADER 00000naa a2200000 4500
001 0172109
005 20231011123303.3
041 0 |a slo 
044 |a SK 
245 1 0 |a Záblesk nádeje pre mladých  |c Karin Rogalska 
520 |a Nemecké ministerstvo práce a sociálnych vecí v spolupráci so Spolkovou agentúrou práce v rámci programu "The job of my life", sprostredkováva mladým ľuďom z celej EÚ stáže, učiteľské miesta alebo trvalé zamestnanie v Nemecku. 
610 2 0 |a Európska únia 
610 2 0 |a Nemecko 
610 2 0 |a Slovensko 
610 2 0 |a nezamestnaní 
610 2 0 |a absolventi 
610 2 0 |a miesta pracovné 
610 2 0 |a výchova odborná 
610 2 0 |a stáže študijné 
610 2 0 |a spolupráca medzinárodná 
100 1 |a Rogalska, Karin